00661nam a2200181Ia 4500008004100000020002200041041000800063082001600071100002100087245007400108260003000182300000900212500001700221650003000238700001900268999001700287952017500304220803s9999 xx 000 0 und d a978-1-84854-620-2 aeng a823 SCH/COH aSchmidt E923843 aNew Digital Age : Reshaping The Future Of People Nations And Business aLondonbJohn Murrayc2013 a316p aArchitecture aEnglish Literature923844 aCohen J923845 c15166d15166 001040708Book of B ArchaBNCAbBNCAd2013-06-18eTechnical Book Servicesg520.00l0o720.28 SCH/COHpBNCA-BK-8319r2022-08-03 00:00:00v650.00w2013-06-07yBKzB008319